| 000 | 00424nam a2200157Ia 4500 | ||
|---|---|---|---|
| 008 | 221030s9999 xx 000 0 und d | ||
| 020 | _a8120316401 | ||
| 041 | _aEnglish | ||
| 082 |
_a105.23 _bGre |
||
| 100 | _aJ. Gregg | ||
| 245 | 0 |
_aOnes & Zeroes Understanding Bollean Algebra, Digital Circuits & Logic of Sets _cby J. Gregg |
|
| 260 |
_bPHI _aNew Delhi _c2000 |
||
| 300 | _a279 | ||
| 650 | _aBE Mathematics | ||
| 942 | _cBK | ||
| 999 |
_c2782 _d2782 |
||